Short n' Sweet Tracklist By Streams - Statistics

General Stats
  • This quiz has been taken 15 times
  • The average score is 10 of 12
Answer Stats
# Streams Answer % Correct
1 2,403,354,038 Espresso
100%
3 1,139,524,795 Taste
100%
5 465,424,664 Juno
92%
2 1,520,815,908 Please Please Please
92%
4 636,328,232 Bed Chem
83%
6 353,607,724 Good Graces
83%
8 175,617,112 Sharpest Tool
83%
12 112,670,305 Lie To Girls
75%
10 154,172,341 Slim Pickins
75%
7 207,643,467 Coincidence
67%
9 160,171,290 Don't Smile
67%
11 123,239,322 Dumb & Poetic
67%
No matching quizzes found
Score Distribution
Percent of People with Each Score
Percentile by Number Answered
Your Score History
You have not taken this quiz